| 000 | 00909nac a22001931u 4500 | ||
|---|---|---|---|
| 008 | 101111s2000 xxu||||| |||| 00| 0 ara d | ||
| 022 | _a9981262196 | ||
| 082 |
_a371.207956 _bب و ب |
||
| 100 | 1 |
_aبوبكري ، محمد _921164 |
|
| 245 |
_aمن أجل استراتيجية لتعليم مؤهل للشغل في العالم الإسلامي / _cمحمد بوبكري |
||
| 260 |
_aالرباط : _bالمنظمة الإسلامية للتربية والثقافة والعلوم. إيسسيسكو، 2000 _c2000. |
||
| 300 |
_a64 ص ؛ _c24 سم. |
||
| 504 | _aيشتمل على إرجاعات ببليوجرافية ص 59-61 | ||
| 511 | _aCatalogued by: Sara | ||
| 541 |
_aإهداء ؛ _cمكتبة الإسكندرية ؛ |
||
| 650 |
_aالسياسة التعليمية _921499 |
||
| 651 |
_921500 _aالعالم الإسلامي _xالتخطيط التربوي |
||
| 942 |
_cBB _k371.207956 ب و ب _2ddc |
||
| 999 |
_c6730 _d6730 |
||